000 00477nam a2200157 i 4500
001 35274
003 ES-MaACL
007 t|
008 030212s1973 ag ||||1| spa d
100 1 _aBottomore, Thomas B.
_930808
245 1 4 _aLas clases en la sociedad moderna /
_cT.B. Bottomore ; [traducción de Anibal León].
260 _aBuenos Aires :
_bLa Pleyade,
_c[1973]
300 _a157 p. ;
_c20 cm.
700 1 _aLeón, Anibal.
_971567
852 _aES-MaACL
_jE-8627
_bR.93059
999 _c35274
_d35274